| Tag |
First Indicator |
Second Indicator |
Subfields |
| LEADER |
00000cam a2200000 4500 |
| 001 |
in00000031549 |
| 005 |
20190207093359.0 |
| 008 |
800630nuuuuuuuuxx 00000 eng d |
| 035 |
|
|
|a (OCoLC)06472277
|
| 035 |
|
|
|9 AAD2866AM
|
| 040 |
|
|
|a TXA
|c TXA
|d UtOrBLW
|
| 049 |
|
|
|a TXAS
|c [419582]
|
| 090 |
|
|
|a KFX2503
|b .W3 1938
|
| 092 |
|
|
|a 352.07647
|b W11w
|
| 110 |
1 |
|
|a Waco (Tex.).
|t Charters.
|
| 245 |
1 |
0 |
|a Charter of the city of Waco.
|
| 264 |
|
1 |
|a [Place of publication not identified],
|b [publisher not identified] ;
|c [date of publication not identified]
|
| 300 |
|
|
|a 110 pages
|
| 336 |
|
|
|a text
|b txt
|2 rdacontent
|
| 337 |
|
|
|a unmediated
|b n
|2 rdamedia
|
| 338 |
|
|
|a volume
|b nc
|2 rdacarrier
|
| 500 |
|
|
|a The Cushing Library/Chapman Texas Collection copy is part of the Floyd & Louise Chapman Texas & Borderlands Collection.
|5 TXA
|
| 500 |
|
|
|a Cover-title.
|
| 999 |
|
|
|a MARS
|
| 999 |
f |
f |
|s 65f4e43a-5ddd-38e2-ad13-e170d9bbfe7d
|i d42d21c3-5b0c-31b4-bc0c-d55fb868d3af
|t 0
|
| 952 |
f |
f |
|p noncirc
|a Texas A&M University
|b College Station
|c Cushing Memorial Library & Archives
|d Cushing: Chapman Texas Collection (Does not check out)
|t 0
|e KFX2503 .W3 1938
|h Library of Congress classification
|i unmediated -- volume
|
| 998 |
f |
f |
|a KFX2503 .W3 1938
|t 0
|l Cushing: Chapman Texas Collection (Does not check out)
|